<?xml version="1.0" encoding="UTF-8"?>
<record
    xmlns:xsi="http://www.w3.org/2001/XMLSchema-instance"
    xsi:schemaLocation="http://www.loc.gov/MARC21/slim http://www.loc.gov/standards/marcxml/schema/MARC21slim.xsd"
    xmlns="http://www.loc.gov/MARC21/slim">

  <leader>00881cam a22002653u 4500</leader>
  <controlfield tag="001">011717467</controlfield>
  <controlfield tag="005">20130509160053.0</controlfield>
  <controlfield tag="008">020327s1998    xxua   ||     001 ||eng  </controlfield>
  <datafield tag="020" ind1=" " ind2=" ">
    <subfield code="a">1884932053</subfield>
  </datafield>
  <datafield tag="020" ind1=" " ind2=" ">
    <subfield code="a">9781884932052</subfield>
  </datafield>
  <datafield tag="082" ind1=" " ind2=" ">
    <subfield code="2">22</subfield>
    <subfield code="a">621.381</subfield>
    <subfield code="b">DIE</subfield>
  </datafield>
  <datafield tag="245" ind1="0" ind2="0">
    <subfield code="a">Dielectric resonators /</subfield>
    <subfield code="c">Darko Kajfez and Pierre Guillon, editors.</subfield>
  </datafield>
  <datafield tag="250" ind1=" " ind2=" ">
    <subfield code="a">2nd ed.</subfield>
  </datafield>
  <datafield tag="260" ind1=" " ind2=" ">
    <subfield code="a">Atlanta, Ga. :</subfield>
    <subfield code="b">Noble,</subfield>
    <subfield code="c">c1998.</subfield>
  </datafield>
  <datafield tag="300" ind1=" " ind2=" ">
    <subfield code="a">547 p. :</subfield>
    <subfield code="b">ill. ;</subfield>
    <subfield code="c">24 cm.</subfield>
  </datafield>
  <datafield tag="490" ind1="0" ind2=" ">
    <subfield code="a">Noble Publisahing classic series</subfield>
  </datafield>
  <datafield tag="500" ind1=" " ind2=" ">
    <subfield code="a">Previous ed.: Denham, Mass. : Artech House, 1986.</subfield>
  </datafield>
  <datafield tag="500" ind1=" " ind2=" ">
    <subfield code="a">One 3 1/2" computer disk in pocket attached to inside back cover.</subfield>
  </datafield>
  <datafield tag="504" ind1=" " ind2=" ">
    <subfield code="a">Includes bibliographical references and index.</subfield>
  </datafield>
  <datafield tag="650" ind1=" " ind2=" ">
    <subfield code="a">Dielectric wave guides.</subfield>
    <subfield code="9">6627</subfield>
  </datafield>
  <datafield tag="653" ind1=" " ind2=" ">
    <subfield code="b">Ele</subfield>
    <subfield code="c">May2013</subfield>
  </datafield>
  <datafield tag="700" ind1="1" ind2=" ">
    <subfield code="a">Kajfez, Darko.</subfield>
    <subfield code="9">33165</subfield>
  </datafield>
  <datafield tag="700" ind1="1" ind2=" ">
    <subfield code="a">Guillon, Pierre.</subfield>
    <subfield code="9">33166</subfield>
  </datafield>
  <datafield tag="942" ind1=" " ind2=" ">
    <subfield code="2">ddc</subfield>
    <subfield code="c">BB</subfield>
  </datafield>
  <datafield tag="999" ind1=" " ind2=" ">
    <subfield code="c">17454</subfield>
    <subfield code="d">17426</subfield>
  </datafield>
  <datafield tag="952" ind1=" " ind2=" ">
    <subfield code="0">0</subfield>
    <subfield code="1">0</subfield>
    <subfield code="2">ddc</subfield>
    <subfield code="4">0</subfield>
    <subfield code="7">0</subfield>
    <subfield code="8">Baccah</subfield>
    <subfield code="a">MAIN</subfield>
    <subfield code="b">MAIN</subfield>
    <subfield code="c">1ST</subfield>
    <subfield code="d">2013-05-09</subfield>
    <subfield code="e">Purchase</subfield>
    <subfield code="g">820.00</subfield>
    <subfield code="h">17664</subfield>
    <subfield code="l">0</subfield>
    <subfield code="o">621.381 DIE</subfield>
    <subfield code="p">000028719</subfield>
    <subfield code="r">2025-07-15 00:00:00</subfield>
    <subfield code="v">1025.00</subfield>
    <subfield code="y">BB</subfield>
  </datafield>
</record>
